000 01027na a2200289 4500
001 19275
003 MIRAKIL
005 20181213155100.0
008 161212b tu 000 0
020 _a9751919452
040 _aMilas
_btur
_cTR-AnCHP
041 _atur
082 _a333.7617
_bÜ58t 1998
090 _a333.7617 Ü58t 1998
100 _aÜnver, İlhami
245 _aTarım ve mera arazilerinin yönetimi
_cİlhami Ünver, Uğur Büyükburç ; odak noktası kuruluş: Tarım ve Köyişleri Bakanlığı
260 _aAnkara
_bDevlet Planlama Teşkilatı
_c1998
300 _aii, 94 s.
_btbl.;
_c23 sm.
500 _aRapor, "Ulusal Çevre Eylem Planı" kapsamında hazırlanmıştır
504 _aKaynakça var.
650 _aTarım toprakları
_xRaporlar
_zTürkiye
650 _aArazi ekonomisi
_xDoğal kaynaklar
_yRaporlar, 1998
_zTürkiye
700 _aBüyükburç, Uğur
710 _aTarım ve Köyişleri Bakanlığı
830 _aDevlet Planlama Teşkilatı Yayınları
942 _2ddc
_cBKS
999 _c6227
_d6227